Computational fluid dynamics / (Record no. 65044)

000 -LEADER
fixed length control field 00805pam a2200277 a 4500
001 - CONTROL NUMBER
control field 533715
003 - CONTROL NUMBER IDENTIFIER
control field NUST - PNEC
005 - DATE AND TIME OF LATEST TRANSACTION
control field 20170116180904.0
008 - FIXED-LENGTH DATA ELEMENTS--GENERAL INFORMATION
fixed length control field 870901s1988 nyua b 001 0 eng
010 ## - LIBRARY OF CONGRESS CONTROL NUMBER
LC control number 87025308
020 ## - INTERNATIONAL STANDARD BOOK NUMBER
International Standard Book Number 0470209534
020 ## - INTERNATIONAL STANDARD BOOK NUMBER
International Standard Book Number 0852263082
040 ## - CATALOGING SOURCE
Original cataloging agency DLC
Transcribing agency LIBRARY
Modifying agency DLC
050 00 - LIBRARY OF CONGRESS CALL NUMBER
Classification number TL573
Item number .B59 1988
082 00 - DEWEY DECIMAL CLASSIFICATION NUMBER
Classification number 629.1323 BOS
100 1# - MAIN ENTRY--PERSONAL NAME
Personal name Bose, T. K.
Fuller form of name (Tarit Kumar),
Dates associated with a name 1939-
245 10 - TITLE STATEMENT
Title Computational fluid dynamics /
Statement of responsibility, etc. T.K. Bose.
260 ## - PUBLICATION, DISTRIBUTION, ETC.
Place of publication, distribution, etc. New York :
Name of publisher, distributor, etc. Wiley,
Date of publication, distribution, etc. 1988.
300 ## - PHYSICAL DESCRIPTION
Extent xi, 214 p. :
Other physical details ill. ;
Dimensions 25 cm.
500 ## - GENERAL NOTE
General note Includes index.
504 ## - BIBLIOGRAPHY, ETC. NOTE
Bibliography, etc. note Bibliography: p. [204]-211.
650 #0 - SUBJECT ADDED ENTRY--TOPICAL TERM
Topical term or geographic name entry element Aerodynamics
General subdivision Mathematics.
-- ME
650 #0 - SUBJECT ADDED ENTRY--TOPICAL TERM
Topical term or geographic name entry element Aerodynamics
General subdivision Data processing.
906 ## - LOCAL DATA ELEMENT F, LDF (RLIN)
a 7
b cbc
c orignew
d 1
e ocip
f 19
g y-gencatlg
942 ## - ADDED ENTRY ELEMENTS (KOHA)
Source of classification or shelving scheme
Koha item type Book
Holdings
Withdrawn status Lost status Source of classification or shelving scheme Damaged status Not for loan Permanent Location Current Location Shelving location Date acquired Total Checkouts Full call number Barcode Date last seen Price effective from Koha item type
          Pakistan Navy Engineering College (PNEC) Pakistan Navy Engineering College (PNEC)       629.1323 BOS PNECLIB-016452 09/02/2015   Book
© 2023 Central Library, National University of Sciences and Technology. All Rights Reserved.